000 00208nam a2200097Ia 4500
008 190216s9999||||xx |||||||||||||| ||und||
100 _aNull
245 0 _aLohappani
260 _bKerala Basha Inst
942 _cBK
999 _c37667
_d37667